12x12 Sorting Gallery Quiz Stats

 Plays Quiz Updated Jan 29, 2018

Challenge
Share
Tweet
Embed
Score 0/144 Timer 18:00
20 Plays Today
% Correct
Aquarius
95.1%
Capricorn
94%
Cancer
93.9%
Aries
93.5%
Gemini
92.3%
Sagittarius
91.9%
Scorpio
91.6%
Virgo
91.4%
Taurus
91.2%
Libra
91.1%
Pisces
90.9%
Leo
90.4%
Armstrong
86.1%
Gold Ring
82.7%
Argentina
82.5%
Aldrin
82.1%
French Hen
82%
Brazil
82%
Colombia
81.7%
Paraguay
81.7%
Uruguay
81.7%
Ecuador
81.7%
Venezuela
81.5%
Chile
81.2%
Bolivia
81.1%
Partridge
81.1%
Turtledove
80.7%
Rat
80.5%
Pig
80.2%
Dog
80%
Peru
79.9%
Oculomotor
79.1%
Goose
79.1%
Rabbit
78.9%
Guyana
78.8%
Dragon
78.7%
Glossopharyngeal
78.4%
Drummer
78.3%
Hypoglossal
78.2%
Vestibulocochlear
78.1%
Olfactory
77.6%
Ox
76.5%
Maid
76.3%
Trochlear
75.9%
Optic
75.8%
Horse
75.7%
Snake
75.5%
Tiger
75.2%
% Correct
Piper
75%
Beaver
74.8%
Joseph
74.4%
Trigeminal
74.3%
Judah
74%
Swan
73.9%
Monkey
73.6%
Captain
73.4%
Rooster
72.3%
Lord
72.2%
General
71.1%
Colonel
71%
Suriname
70.7%
Cougar
70.6%
Wildcat
70.6%
Lady
70.1%
Bird
70.1%
Facial
69.7%
Lieutenant
69.2%
Duck
69%
Golden Bear
69%
Sergeant
69%
Sheep
68.2%
Buffalo
68.2%
Sun Devil
67.5%
Major
67.4%
Husky
67%
Sparks
66.8%
Mystics
66.1%
Benjamin
66%
Aces
65.8%
Cardinal
65.6%
Levi
65.1%
Av
64.1%
Bruin
63.6%
Abducens
63.6%
Marshall
62.9%
Storm
62.7%
Simeon
62.5%
Trojan
62.3%
Fonda
62.2%
Marshall
62.2%
Scout
62.1%
Adar
61.7%
Asher
61.6%
Flag
61.2%
Issachar
61%
Spy
60.8%
% Correct
Teveth
60.1%
Bomb
59.9%
Elul
59.7%
Liberty
59.1%
Wings
58.4%
Shevat
57.9%
Iyar
57.1%
Begley
57.1%
Tishri
56.7%
Tamuz
56.6%
Reuben
56.1%
Klugman
55.6%
Sun
55%
Lynx
54.6%
Shepard
54.5%
Kislev
54.1%
Dream
53.9%
Sivan
53.8%
Sky
51.4%
Zebulun
50.8%
Mitchell
49.9%
Conrad
49.6%
Mercury
48.9%
Gad
48.1%
Webber
48.1%
Cheshvan
47.2%
Fever
46.7%
Vagus
46.3%
Cobb
46.2%
Accessory
45.9%
Scott
45.4%
Miner
45.1%
Young
44.4%
Dan
44.3%
Naphtali
42.8%
Schmitt
42.7%
Sweeney
42.6%
Irwin
41.4%
Warden
40.7%
Fiedler
39%
Nisan
36.6%
Ute
35.7%
Binns
34%
Bean
30.8%
Cernan
30.8%
Balsam
27.3%
Duke
26.2%
Voskovec
24.5%

You're not logged in!

Compare scores with friends on all Sporcle quizzes.
OR
Log In

You Might Also Like...

Show Comments

Extras

Top Quizzes Today


Score Distribution

Your Account Isn't Verified!

In order to create a playlist on Sporcle, you need to verify the email address you used during registration. Go to your Sporcle Settings to finish the process.

Report this User

Report this user for behavior that violates our Community Guidelines.

Details: